000 01378nam a22003374a 4500
001 ebr10171485
003 CaPaEBR
006 m u
007 cr cn|||||||||
008 020201s2002 nyua sb 001 0 eng
010 _z 2002022040
020 _z0312238916
040 _aCaPaEBR
_cCaPaEBR
035 _a(OCoLC)568019297
043 _an-us---
050 1 4 _aLC221
_b.D62 2002eb
082 0 4 _a371.19
_221
100 1 _aDodd, Anne W.
245 1 0 _aHow communities build stronger schools
_h[electronic resource] :
_bstories, strategies, and promising practices for educating every child /
_cAnne Wescott Dodd and Jean L. Konzal.
260 _aNew York :
_bPalgrave,
_c2002.
300 _axx, 347 p. :
_bill.
504 _aIncludes bibliographical references (p. [320]-332) and index.
533 _aElectronic reproduction.
_bPalo Alto, Calif. :
_cebrary,
_d2013.
_nAvailable via World Wide Web.
_nAccess may be limited to ebrary affiliated libraries.
650 0 _aCommunity and school
_zUnited States.
650 0 _aHome and school
_zUnited States.
650 0 _aEducation
_xParent participation
_zUnited States.
655 7 _aElectronic books.
_2local
700 1 _aKonzal, Jean L.,
_d1944-
710 2 _aebrary, Inc.
856 4 0 _uhttp://site.ebrary.com/lib/rucke/Doc?id=10171485
_zAn electronic book accessible through the World Wide Web; click to view
999 _c138495
_d138495